000
00274pam a2200145 a 4500
020
_c
041
_h
100
_a
Byron S. Gottfried
245
_a
Programming with Pascal
250
_a
IInd
260
_c
1994
300
_a
425
653
_a
Computer
930
_a
912
999
_c
246765
_d
246765